Relacions de parentiu entre nissagues de sanitaris berguedans (segles XVII-XIX) / Joan Pujol i Ros
ISBN:
84-607-8463-0
Descripción Física:
181 p. : il., [6] fulls plegats ; 24 cm
MARC
| LEADER | 00000nam a2200000Ia 4500 | ||
|---|---|---|---|
| 001 | 15774 | ||
| 008 | 160829s2003 xx 000 0 cat d | ||
| 020 | |a 84-607-8463-0 | ||
| 080 | |a M-4-319 | ||
| 100 | |a Pujol i Ros, Joan |9 37266 | ||
| 245 | |a Relacions de parentiu entre nissagues de sanitaris berguedans (segles XVII-XIX) / Joan Pujol i Ros | ||
| 260 | |a Manresa : |b Arxiu Històric de les Ciències de la Salut, |c 2003 | ||
| 300 | |a 181 p. : |b il., [6] fulls plegats ; |c 24 cm | ||
| 490 | |a Publicacions de l'Arxiu Històric de les Ciències de la Salut ; 6 | ||
| 590 | |a Índex. | ||
| 590 | |a Bibliografia | ||
| 650 | |a Personal sanitari |x Berguedà |x Relacions familiars |9 37267 | ||
| 650 | |a Personal sanitari |x Berguedà |x Genealogia |9 37268 | ||
| 710 | |a Arxiu Històric de les Ciències de la Salut |9 69870 | ||
| 901 | |a Arxiu | ||
| 942 | |n 1 | ||
| 952 | |0 0 |1 0 |4 0 |6 M4319 |7 1 |9 47777 |a Arxiu |b Arxiu |d 2016-12-01 |l 0 |o M-4-319 |p 15774 |r 2016-12-01 00:00:00 |w 2016-12-01 |y ARXIU | ||
| 999 | |c 51576 |d 51576 | ||